Complex variables and applications (Record no. 3507)

000 -LEADER
fixed length control field 00586nam a22002297a 4500
001 - CONTROL NUMBER
control field 3507
003 - CONTROL NUMBER IDENTIFIER
control field BD-DhUET
008 - FIXED-LENGTH DATA ELEMENTS--GENERAL INFORMATION
fixed length control field 141101b xxu||||| |||| 00| 0 eng d
020 ## - INTERNATIONAL STANDARD BOOK NUMBER
International Standard Book Number 0070108552
040 ## - CATALOGING SOURCE
Transcribing agency 0
Modifying agency BD-DhUET
082 ## - DEWEY DECIMAL CLASSIFICATION NUMBER
Classification number 517.8
Item number CHU/1974
100 ## - MAIN ENTRY--PERSONAL NAME
Personal name Churchill, Ruel V.
245 ## - TITLE STATEMENT
Title Complex variables and applications
250 ## - EDITION STATEMENT
Edition statement 3rd ed.
260 ## - PUBLICATION, DISTRIBUTION, ETC. (IMPRINT)
Place of publication, distribution, etc. New York
Name of publisher, distributor, etc. McGraw-Hill
Date of publication, distribution, etc. 1974
300 ## - PHYSICAL DESCRIPTION
Extent x, 332 p.
Other physical details ill.
Dimensions 23 cm.
504 ## - BIBLIOGRAPHY, ETC. NOTE
Bibliography, etc Includes bibliographies
650 #0 - SUBJECT ADDED ENTRY--TOPICAL TERM
Topical term or geographic name as entry element Complex variables
700 ## - ADDED ENTRY--PERSONAL NAME
Personal name Brown, James W.
700 ## - ADDED ENTRY--PERSONAL NAME
Personal name Verhey, Roger F.
942 ## - ADDED ENTRY ELEMENTS (KOHA)
Koha item type General Book
Holdings
Koha date last borrowed Source of classification or shelving scheme Lost status Location (home branch) Koha renewals Sublocation or collection (holding branch) Damaged status Not for loan Koha full call number Withdrawn status Date acquired Koha date last seen Shelving location Piece designation (barcode) Koha item type Koha normalized classification for sorting Price effective from Copy number
   Central Library, BUET Central Library, BUET  517.8/CHU/1974 2014-11-012014-11-01Circulation section39411General Book517_800000000000000_CHU_19742014-11-011
   Central Library, BUET Central Library, BUET  517.8/CHU/1974 2014-11-012014-11-01Circulation section43301General Book517_800000000000000_CHU_19742014-11-012
   Central Library, BUET Central Library, BUET  517.8/CHU/1974 2014-11-012014-11-01Circulation section45109General Book517_800000000000000_CHU_19742014-11-013
   Central Library, BUET Central Library, BUET  517.8/CHU/1974 2014-11-012016-05-18Circulation section52889General Book517_800000000000000_CHU_19742014-11-014
   Central Library, BUET Central Library, BUET  517.8/CHU/1974 2014-11-172016-04-02Circulation section37655General Book517_800000000000000_CHU_19742014-11-175
   Central Library, BUET2Central Library, BUET  517.8/CHU/1974 2014-11-172016-08-30Circulation section58032General Book517_800000000000000_CHU_19742014-11-176
0000-00-00  Central Library, BUET Central Library, BUET  517.8/CHU/1974 2015-05-032015-05-03Circulation section52887General Book517_800000000000000_CHU_19742015-05-037
   Central Library, BUET Central Library, BUET  517.8/CHU/1974 2015-05-032015-05-03Circulation section37654General Book517_800000000000000_CHU_19742015-05-038
   Central Library, BUET Central Library, BUET  517.8/CHU/1974 2015-05-042015-05-04Circulation section39412General Book517_800000000000000_CHU_19742015-05-049
   Central Library, BUET Central Library, BUET  517.8/CHU/1974 2015-05-202015-05-20Circulation section58033General Book517_800000000000000_CHU_19742015-05-2010
   Central Library, BUET Central Library, BUET  517.8/CHU/1974 2015-06-132015-06-13Reading section24535Reading Item517_800000000000000_CHU_19742015-06-1311
   Central Library, BUET Central Library, BUET  517.8/CHU/1974 2015-07-132015-07-13Circulation section43304General Book517_800000000000000_CHU_19742015-07-1312